000 00550nam a2200181Ia 4500
003 GCL
008 140319s9999 xx 000 0 ara d
020 _a3583213977
040 _aGCL /
_cGCL
082 0 4 _a272.67
_bل ك
100 1 _aلوكير، هربرت
245 1 0 _aكل المعجزات فى الكتاب المقدس /
_cلوكير، هربرت
260 _aالقاهرة :
_bدار الثقافة ،
_c2002
300 _a349 ص ؛
_c24 سم
650 0 4 _aالانجيل
650 0 4 _aالمسيح - المعجزات
942 _2ddc
_cBK
999 _c5077
_d5077